| 000 | 00974cam a2200157ua 4500 | ||
|---|---|---|---|
| 041 |
_aeng _h |
||
| 082 |
_a696.6 _bIND/RE |
||
| 110 | 1 |
_aIndian standards institution . _bISI _c() |
|
| 245 |
_aRecommendation for lighting,ventilation and other facilities inside dams,IS:9297-1979 / _cIndian standards institution. _hTextual Documents |
||
| 250 |
_a1 / _b. |
||
| 260 |
_aNew Delhi : _bIndian standards institution , _c1980. |
||
| 300 | _a10 ; . | ||
| 504 | _a | ||
| 942 | _cBK | ||
| 999 |
_c4655 _d4655 |
||